O Primo Basílio / (Record no. 294)

MARC details
000 -LÍDER
campo de controle de tamanho fixo 01575nam a2200313 4500
001 - NÚMERO DE CONTROLE
campo de controle 294
003 - IDENTIFICADOR DO NÚMERO DE CONTROLE
campo de controle OSt
005 - DATA E HORÁRIO DA ÚLTIMA TRANSAÇÃO
campo de controle 20250528074017.0
008 - CAMPO DE DADOS FIXOS--INFORMAÇÃO GERAL
campo de controle de tamanho fixo 250318b |||||||e |||| 00| f eng d
040 ## - FONTE DA CATALOGAÇÃO
Idioma da catalogação por
041 ## - CÓDIGO DE IDIOMA
Código do idioma do original e/ou traduções intermediárias do texto por
Código do idioma do texto/trilha sonora ou título diferente por
082 ## - CDD - CLASSIFICAÇÃO DECIMAL DE DEWEY
Número de Classificação B869.93
Número do exemplar Q3p
100 ## - ENTRADA PRINCIPAL--NOME PESSOAL
Nome pessoal Eça de Queiroz
Datas associadas ao nome 1845- 1900
9 (RLIN) 571
240 ## - TÍTULO UNIFORME
Título uniforme O primo Basílio
245 ## - TÍTULO
Título O Primo Basílio /
Indicação de responsabilidade, etc. Queirós, Eça de​
260 ## - PUBLICAÇÃO, DISTRIBUIÇÃO, ETC.
Local de publicação, distribuição, etc. São Paulo
Nome do editor, distribuidor, etc. Abril
Data da publicação, distribuição, etc. 1971
300 ## - DESCRIÇÃO FÍSICA
Extensão 321 p.
490 1# - TÍTULO DA SÉRIE
Título da série Os Imortais da Literatura Universal
520 ## - NOTA DE RESUMO, ETC.
Resumo, etc. "O Primo Basílio" é uma obra emblemática do realismo português, escrita por Eça de Queirós e publicada em 1878. O romance retrata a vida da burguesia lisboeta do século XIX, expondo suas hipocrisias e fragilidades, especialmente no que tange às instituições sociais como o casamento. A trama centraliza-se em Luísa, uma jovem casada com Jorge, que, durante a ausência do marido, envolve-se com seu primo Basílio, recém-chegado do Brasil. A relação adúltera é descoberta por Juliana, a empregada da casa, que passa a chantagear Luísa, desencadeando uma série de eventos trágicos. A obra oferece uma crítica mordaz à sociedade da época, explorando temas como o adultério, a moralidade e a hipocrisia social.
650 #0 - ASSUNTO--TERMO TÓPICO
Cabeçalho tópico ou nome geográfico Literatura portuguesa
9 (RLIN) 91
650 #0 - ASSUNTO--TERMO TÓPICO
Cabeçalho tópico ou nome geográfico Crítica social
9 (RLIN) 514
650 #0 - ASSUNTO--TERMO TÓPICO
Cabeçalho tópico ou nome geográfico Clássicos
9 (RLIN) 77
650 #0 - ASSUNTO--TERMO TÓPICO
Cabeçalho tópico ou nome geográfico Burguesia
9 (RLIN) 572
650 #0 - ASSUNTO--TERMO TÓPICO
Cabeçalho tópico ou nome geográfico Adultério e ciúme
9 (RLIN) 515
655 #0 - TERMO DE ÍNDICE--GÊNERO E FORMA
Gênero/forma/ou termo foco Romance
655 #0 - TERMO DE ÍNDICE--GÊNERO E FORMA
Gênero/forma/ou termo foco Ficção
830 ## - ENTRADA SECUNDÁRIA DE SÉRIE--TÍTULO UNIFORME
Título uniforme Os Imortais da Literatura Universal
9 (RLIN) 461
Número do volume ou designação sequencial da série vol. 24
942 ## - ELEMENTOS DE ENTRADA ADICIONADOS (KOHA)
Fonte de classificação ou esquema de arquivamento Classificação decimal de Dewey
Ocultar no OPAC Não
Tipo de material Koha Livros
Holdings
Situação do descarte Situação das perdas Fonte de classificação ou esquema de arquivamento Status danificado Não pode ser emprestado Biblioteca de origem Biblioteca atual Localização na estante Data de aquisição Fonte de aquisição Total de empréstimos Número de chamada completo Código de barras Data de último acesso Data do preço efetivo Tipo de material Koha
    Classificação decimal de Dewey     Biblioteca Professor Eduardo Afonso de Castro Biblioteca Professor Eduardo Afonso de Castro Literatura Brasileira 18.03.2025 doação   B869.93 / Q3p 2025-17247 18.03.2025 18.03.2025 Livros

Powered by Koha